| 000 | 01137nam a22002057a 4500 | ||
|---|---|---|---|
| 999 |
_c63762 _d63762 |
||
| 003 | Ge_BSU | ||
| 005 | 20260109173811.0 | ||
| 008 | 260109s1982 ge ||||| |||| 00| 0 geo d | ||
| 041 | _ageo | ||
| 080 | _a911.3:33(47+57)(075.3) ს-13 | ||
| 100 |
_aსტროევი, კ.ფ. _926636 |
||
| 245 |
_aსსრ კავშირის ეკონომიკური გეოგრაფია : _b სახელმძღვ. საშ. სკოლის VIII კლასისათვის / _c კ.ფ. სტროევი, მ.კ. კოვალევსკაია, ვ.ი. რომი; მთარგმნელი ა ნათიშვილი. |
||
| 250 | _aმე-5 შესწ. გამოცემა | ||
| 264 |
_aთბ. : _bგანათლება, _c1982. |
||
| 300 |
_a306 გვ. : _bილ. ; _c 21 სმ. |
||
| 653 | _aსსრ კავშირის ეკონომიკური გეოგრაფია | ||
| 700 |
_aკოვალევსკია, მ.კ. _e ავტორი _926638 |
||
| 700 |
_aრომი, ვ.ი. _eავტორი _926283 |
||
| 942 |
_2udc _cBK |
||